| 000 | 00592cam a22002171 4500 | ||
|---|---|---|---|
| 001 | 6584827 | ||
| 005 | 20180103041337.0 | ||
| 008 | 711117s1965 mauabh b 000 0 eng | ||
| 010 | _a 65000535 | ||
| 035 | _a(OCoLC)172462 | ||
| 040 |
_aDLC _cODaWU _dOCoLC _dDLC |
||
| 041 | _aeng | ||
| 080 | _a330.973 FIT | ||
| 082 | _a330.973 FIT | ||
| 100 | 1 | _a52 | |
| 101 | _aEKO | ||
| 245 | 1 | 3 |
_aAn economic history of the United States _c[by] Gilbert C. Fite [and] Jim E. Reese. |
| 504 | _aBibliography: p. 671-703. | ||
| 906 |
_a7 _bcbc _coclcrpl _du _encip _f19 _gy-gencatlg |
||
| 942 |
_2ddc _cBK |
||
| 999 |
_c39606 _d39606 |
||